|
|
|
|
| LEADER |
01653nam a2200409 a 4500 |
| 001 |
EBC818083 |
| 003 |
MiAaPQ |
| 005 |
20200520144314.0 |
| 006 |
m o d | |
| 007 |
cr cn||||||||| |
| 008 |
120105s2012 cau sb 001 0 eng d |
| 010 |
|
|
|z 2011052645
|
| 020 |
|
|
|z 9781118138595 (cloth)
|
| 020 |
|
|
|z 1118138597 (cloth)
|
| 020 |
|
|
|a 9781118225431 (electronic bk.)
|
| 035 |
|
|
|a (MiAaPQ)EBC818083
|
| 035 |
|
|
|a (Au-PeEL)EBL818083
|
| 035 |
|
|
|a (CaPaEBR)ebr10630558
|
| 035 |
|
|
|a (CaONFJC)MIL365035
|
| 035 |
|
|
|a (OCoLC)772452989
|
| 040 |
|
|
|a MiAaPQ
|c MiAaPQ
|d MiAaPQ
|
| 050 |
|
4 |
|a HD60
|b .S389 2012
|
| 082 |
0 |
4 |
|a 338/.04
|2 23
|
| 100 |
1 |
|
|a Schwartz, Beverly,
|d 1949-
|
| 245 |
1 |
0 |
|a Rippling
|h [electronic resource] :
|b how social entrepreneurs spread innovation throughout the world /
|c Beverly Schwartz ; foreword by Bill Drayton.
|
| 250 |
|
|
|a 1st ed.
|
| 260 |
|
|
|a San Francisco :
|b Jossey-Bass,
|c c2012.
|
| 300 |
|
|
|a xviii, 269 p.
|
| 504 |
|
|
|a Includes bibliographical references and index.
|
| 505 |
0 |
|
|a pt. 1. Restructuring institutional norms -- pt. 2. Changing market dynamics -- pt. 3. Using market forces to create social value -- pt. 4. Advancing full citizenship -- pt. 5. Cultivating empathy.
|
| 533 |
|
|
|a Electronic reproduction. Ann Arbor, MI : ProQuest, 2015. Available via World Wide Web. Access may be limited to ProQuest affiliated libraries.
|
| 650 |
|
0 |
|a Social entrepreneurship.
|
| 650 |
|
0 |
|a Social change.
|
| 655 |
|
4 |
|a Electronic books.
|
| 700 |
1 |
|
|a Drayton, Bill.
|
| 710 |
2 |
|
|a ProQuest (Firm)
|
| 856 |
4 |
0 |
|u https://ebookcentral.proquest.com/lib/matrademy/detail.action?docID=818083
|z Click to View
|